000 02033nam0a2200385 4500
001 RU\NLR\BIBL_A\012705725
005 20260406114422.0
010 _a978-5-7609-1660-0
_9500
021 _aRU
_b2021-73159
_9КН-П-5810
035 _a(RuMoRGB)010846116
035 _a(NLR Aleph) 012705725
090 _a12893523
_c12893523
100 _a20220214d2021 |||y0rusy50 ca
101 0 _arus
102 _aRU
105 _aa j 000zy
181 0 _ai
_baxxe
182 0 _an
200 1 _aБиотехнологические основы защиты окружающей среды и использование биокомбайнов и биофлотокомбайнов
_e[учебное пособие]
_fБ. С. Ксенофонтов
203 _aТекст
_bвизуальный
_cнепосредственный
210 _aТверь
_cИзд-во Тверского государственного университета
_d2021
215 _a251 с.
_cил., табл.
_d20
320 _aБиблиогр.: с. 250-251 (27 назв.)
606 1 _aМикроорганизмы
_jУчебные издания для высших учебных заведений
_xКультивирование
_91041517
_3RU\NLR\AUTH\6683209
606 1 _aСточные воды
_jУчебные издания для высших учебных заведений
_xОчистка
_xБиологические методы
_91081009
_3RU\NLR\AUTH\66103702
606 1 _aОкружающая среда
_jУчебные издания для высших учебных заведений
_xОхрана
_xБиотехнологические основы
_92258954
_3RU\NLR\AUTH\6601584496
675 _a628.31:504(075.8)
_v4
686 1 _aЕ4в764я73-1
686 1 _aН761.204.4я73-1
686 1 _aН932я73-1
700 1 _8rus
_7ca
_aКсенофонтов
_bБ. С.
_f1945-
_gБорис Семенович
_3RU\NLR\AUTH\77282
_9110338
942 _cBOOK
980 _aNB